English syntax : A grammar for English language professionals
Αποθηκεύτηκε σε:
| Κύριος συγγραφέας: | |
|---|---|
| Μορφή: | Βιβλίο |
| Γλώσσα: | English |
| Δημοσίευση: |
Oxford :
Oxford University Press,
c1995
|
| Θέματα: | |
| Ετικέτες: |
Προσθήκη ετικέτας
Δεν υπάρχουν, Καταχωρήστε ετικέτα πρώτοι!
|
MARC
| LEADER | 00000nam a2200000 i 4500 | ||
|---|---|---|---|
| 001 | 1/35875 | ||
| 008 | 960919s1995 eng d | ||
| 020 | |a 0-19-434277-8 | ||
| 035 | |a ΠΑΡ-1995 |b 07/26 |c ΤΣΑΤΣΑΡΩΝΗΣ |l 10024378 | ||
| 040 | |a GR-MY-UA |b |e aacr | ||
| 041 | 0 | |a eng | |
| 082 | 0 | |a 428.2 | |
| 100 | 1 | |a Jacobs, Roderick A. | |
| 245 | 1 | 0 | |a English syntax : |b A grammar for English language professionals / |c Roderick Jacobs |
| 260 | |a Oxford : |b Oxford University Press, |c c1995 | ||
| 504 | |a Περιλαμβάνει ευρετήριο | ||
| 650 | 0 | 0 | |a English language |x Syntax |x Outline, syllabi, etc. |
| 650 | 0 | 0 | |a English language |x Grammar |x Outlines, syllabi, etc. |
| 852 | |a INST |b CHIOS |e 19960919 |h 428.2 JAC |p 005200011751 |q 005200011751 |t BK |y 0 | ||
| 909 | |a Χ |b 046605 | ||